000
00334nam a2200145Ia 4500
008
150201s1985 xx 000 0 und d
082
_a
610.7362
_b
S85W
100
_a
WILSON , MAUREEN
245
_a
SURGICAL NURSING
250
_a
11TH
260
_b
BAILLIERE
_a
DELHI
_c
1985
300
_a
180
650
_a
SURGERY
942
_2
ddc
_c
BK
_0
1
999
_c
1884
_d
1884